Nature's great events / (Record no. 22422)
[ view plain ]
| 000 -LEADER | |
|---|---|
| fixed length control field | 01408nam a2200265 a 4500 |
| 005 - DATE AND TIME OF LATEST TRANSACTION | |
| control field | 20140310183407.0 |
| 008 - FIXED-LENGTH DATA ELEMENTS--GENERAL INFORMATION | |
| fixed length control field | 121015s19uu xx 00 eng d |
| 020 ## - INTERNATIONAL STANDARD BOOK NUMBER | |
| International Standard Book Number | 9781845334567 |
| 050 ## - LIBRARY OF CONGRESS CALL NUMBER | |
| Classification number | QH 45.2 |
| Item number | .N37 2009 |
| 100 ## - MAIN ENTRY--PERSONAL NAME | |
| Personal name | Bass, Karen |
| 245 ## - TITLE STATEMENT | |
| Title | Nature's great events / |
| Statement of responsibility, etc | general editor, Karen Bass ; introduction by Brian Leith. |
| 260 ## - PUBLICATION, DISTRIBUTION, ETC. (IMPRINT) | |
| Place of publication, distribution, etc | Chicago ; London : |
| Name of publisher, distributor, etc | University of Chicago Press, |
| Date of publication, distribution, etc | 2009. |
| 300 ## - PHYSICAL DESCRIPTION | |
| Extent | 320 p. |
| Other physical details | col. ill. maps ; |
| Dimensions | 29 cm. |
| 500 ## - GENERAL NOTE | |
| General note | "First published in Great Britain on 2009 by Mitchell Beazley"-- t.p. verso. Companion book to the television series. Includes bibliographical references (p. 315) and index. |
| 520 ## - SUMMARY, ETC. | |
| Summary, etc | In this companion book to the television series, six of the most spectacular natural phenomena on our planet are explored--the flooding of the Okavango Delta in Botswana; the melting of 10 million square kilometers of ice in the Arctic; the migration of the Serengeti; the great salmon run in British Columbia; the explosion of sea life in Alaska's coastal waters; and perhaps the greatest marine spectacle on the planet, the annual tide of sardines along South Africa's east coast. |
| 650 ## - SUBJECT ADDED ENTRY--TOPICAL TERM | |
| Topical term or geographic name as entry element | Natural history |
| 650 ## - SUBJECT ADDED ENTRY--TOPICAL TERM | |
| Topical term or geographic name as entry element | Animal migration |
| 650 ## - SUBJECT ADDED ENTRY--TOPICAL TERM | |
| Topical term or geographic name as entry element | Biological rhythms |
| 650 ## - SUBJECT ADDED ENTRY--TOPICAL TERM | |
| Topical term or geographic name as entry element | Animal populations |
| 650 ## - SUBJECT ADDED ENTRY--TOPICAL TERM | |
| Topical term or geographic name as entry element | Animal behavior |
| 650 ## - SUBJECT ADDED ENTRY--TOPICAL TERM | |
| Topical term or geographic name as entry element | Cycles |
| 650 ## - SUBJECT ADDED ENTRY--TOPICAL TERM | |
| Topical term or geographic name as entry element | Seasons |
| 942 ## - ADDED ENTRY ELEMENTS (KOHA) | |
| Koha item type | Books |
| Source of classification or shelving scheme | Library of Congress Classification |
| Call number prefix | Foreign |
| Withdrawn status | Lost status | Source of classification or shelving scheme | Damaged status | Home library | Current library | Shelving location | Date acquired | Source of acquisition | Total Checkouts | Full call number | Barcode | Date last seen | Date checked out | Price effective from | Koha item type |
|---|---|---|---|---|---|---|---|---|---|---|---|---|---|---|---|
| Library of Congress Classification | College Library | College Library | General Circulation Section | 10/15/2012 | Donation | 1 | QH 45.2 .N37 2009 | C16394 | 05/15/2018 | 03/12/2018 | 03/10/2014 | Books |